BUSINESS ECONOMICS-1 (Record no. 8888)
[ view plain ]
| 000 -LEADER | |
|---|---|
| fixed length control field | 00493nam a22001697a 4500 |
| 003 - CONTROL NUMBER IDENTIFIER | |
| control field | SGT |
| 020 ## - INTERNATIONAL STANDARD BOOK NUMBER | |
| International Standard Book Number | 9788185044897 |
| 082 ## - DEWEY DECIMAL CLASSIFICATION NUMBER | |
| Classification number | 330,KUM |
| 100 ## - MAIN ENTRY--PERSONAL NAME | |
| Personal name | KUMAR,RAJ |
| 245 ## - TITLE STATEMENT | |
| Title | BUSINESS ECONOMICS-1 |
| 250 ## - EDITION STATEMENT | |
| Edition statement | 3RD |
| 260 ## - PUBLICATION, DISTRIBUTION, ETC. (IMPRINT) | |
| Place of publication, distribution, etc | NEW DELHI |
| Name of publisher, distributor, etc | UDH |
| Year of Publication | 2011 |
| 300 ## - PAGE DESCRIPTION | |
| No. of Pages | 449 |
| 650 ## - SUBJECT ADDED ENTRY--TOPICAL TERM | |
| Topical term or geographic name as entry element | ECONOMICS |
| 653 ## - KEYWORDS--INDEX TERM | |
| Keyword term | INTRODUCTION TO BUSINESS ECONOMICS AND FUNDAMENTALS CONCEPTS.CONSUMER BEHAVIOR AND DEMAND ANALYSIS,THEORY OF PRODUCTION,COST ANALYSIS AND PRICE OUTPUT DECISION |
| 942 ## - ADDED ENTRY ELEMENTS (KOHA) | |
| Source of classification or shelving scheme | Dewey Decimal Classification |
| Koha item type | FCM Books |
| 942 ## - ADDED ENTRY ELEMENTS (KOHA) | |
| -- | 2 |
| Withdrawn status | Lost status | Source of classification or shelving scheme | Damaged status | Not for loan | Home library | Current library | Shelving location | Date acquired | Vendor Name | Cost, normal purchase price | SGTU | Bill Number | Total Checkouts | Full call number | Accession No. (Barcode) | Date last seen | Date last borrowed | Bill Date | Koha item type |
|---|---|---|---|---|---|---|---|---|---|---|---|---|---|---|---|---|---|---|---|
| Dewey Decimal Classification | SGT Science & Social Sciences Library | SGT Science & Social Sciences Library | Text Book | 02/06/2016 | IBH | 245.00 | SGTU | 8777 | 5 | 330,KUM | CM44 | 18/09/2018 | 04/12/2017 | 22/08/2013 | FCM Books | ||||
| Dewey Decimal Classification | SGT Science & Social Sciences Library | SGT Science & Social Sciences Library | Text Book | 02/06/2016 | IBH | 245.00 | SGTU | 8777 | 23 | 330,KUM | CM45 | 16/08/2022 | 14/03/2022 | 22/08/2013 | FCM Books |